000 00552nam a2200205Ia 4500
005 20250507130245.0
008 008 250505s9999 xx 000 0 eng d
037 _aSeries Article
040 _aEASL
_beng
_cEASL
041 _aeng
_2eng
084 _qEASL
100 _aChan Joseph
245 0 _aCharting the state of social cohesion in Hong-Kong
260 _aUK
_bUK Cambridge Univesity Press UK
_c2006
300 _a635-658
650 _aChina
700 _aChan Elaine
_9669127
942 _cSRA
999 _c1318602
_d1318602